书目信息 |
| 题名: |
名城的故事
|
|
| 作者: | ;建筑创作杂志社 编 | |
| 分册: | ||
| 出版信息: | 北京 机械工业出版社 2006.08 |
|
| 页数: | 275页 | |
| 开本: | 21cm | |
| 丛书名: | 另眼相看系列 | |
| 单 册: | ||
| 中图分类: | TU-865 | |
| 科图分类: | ||
| 主题词: | 城市--cheng shi--建筑艺术--欧洲 | |
| 电子资源: | ||
| ISBN: | 7-111-19206-0 | |
| 000 | 01051nam 2200253 450 | |
| 001 | 012006419259 | |
| 005 | 20070611103618.12 | |
| 010 | @a7-111-19206-0@dCNY46.00 | |
| 100 | @a20061213d2006 km y0chiy0120 ea | |
| 101 | 0 | @achi |
| 102 | @aCN@b110000 | |
| 105 | @aa z 000yy | |
| 200 | 1 | @a名城的故事@Aming cheng de gu shi@e建筑师眼中的欧洲城市风情@f《建筑创作》杂志社编@F《jian zhu chuang zuo》za zhi she bian |
| 210 | @a北京@c机械工业出版社@d2006.08 | |
| 215 | @a275页@c图@d21cm | |
| 225 | 2 | @a另眼相看系列@Aling yan xiang kan xi lie |
| 330 | @a本书侧重讲述建筑师眼中的欧洲城市风情(威尼斯、伦敦、巴黎、捷克、萨尔茨堡、法兰克福、哥德堡、彼得堡……)。全书内容广泛涉及城市的方方面面,建筑师们以丰富的阅历、敏锐的洞察力。 | |
| 410 | 0 | @12001 @a另眼相看系列 |
| 517 | 1 | @a建筑师眼中的欧洲城市风情@Ajian zhu shi yan zhong de ou zhou cheng shi feng qing |
| 606 | 0 | @a城市@Acheng shi@x建筑艺术@y欧洲 |
| 690 | @aTU-865@v4 | |
| 711 | 02 | @a建筑创作杂志社@Ajian zhu chuang zuo za zhi she@4编 |
| 801 | 0 | @aCN@c20070611 |
| 905 | @a10447@dTU-865@eJ320 | |
| 名城的故事:建筑师眼中的欧洲城市风情/《建筑创作》杂志社编.-北京:机械工业出版社,2006.08 |
| 275页:图;21cm.-(另眼相看系列) |
| ISBN 7-111-19206-0:CNY46.00 |
| 本书侧重讲述建筑师眼中的欧洲城市风情(威尼斯、伦敦、巴黎、捷克、萨尔茨堡、法兰克福、哥德堡、彼得堡……)。全书内容广泛涉及城市的方方面面,建筑师们以丰富的阅历、敏锐的洞察力。 |
| ● |
| 相关链接 |
|
|
|
正题名:名城的故事
索取号:TU-865/J320
 
预约/预借
| 序号 | 登录号 | 条形码 | 馆藏地/架位号 | 状态 | 备注 |
| 1 | 230184 | 202301847 | 建筑库101/ [索取号:TU-865/J320] | 在馆 | |
| 2 | 230185 | 202301856 | 建筑库101/101建筑库 21排1列5层/ [索取号:TU-865/J320] | 在馆 | |
| 3 | 230186 | 202301865 | 建筑库101/101建筑库 21排1列5层/ [索取号:TU-865/J320] | 在馆 |